000 00620nam a2200181Ia 4500
005 20260429112235.0
008 260429s9999||||xx |||||||||||||| ||und||
020 _a9789389127049
041 _aHindi
082 _a891.433
_bUPA
100 _aउपाध्याय, राजीव रंजन
245 0 _aचर्चित विज्ञान कथाएं /
_cराजीव रंजन उपाध्याय
250 _a2nd ed.
260 _aनई दिल्ली :
_bप्रकाशन संस्थान,
_c2023.
300 _a200 p.; Hb
650 _aSciene fiction
942 _cTB
999 _c53069
_d53069